Peace and war

The Y9 book from the best selling Schools History Project course for Key Stage 3. In a single volume it covers two core units: Britain 1750-1900 and the Twentieth Century World.

Bewaard in:
Bibliografische gegevens
Hoofdauteur: Shephard, Colin
Formaat: Boek
Taal:Undetermined
Gepubliceerd in: London John Murray 1993
Tags: Voeg label toe
Geen labels, Wees de eerste die dit record labelt!
Thư viện lưu trữ: Trung tâm Học liệu Trường Đại học Cần Thơ
LEADER 00660nam a2200193Ia 4500
001 CTU_140900
008 210402s9999 xx 000 0 und d
020 |c 18.68 
082 |a 941.072 
082 |b S548 
100 |a Shephard, Colin 
245 0 |a Peace and war 
245 0 |c Colin Shephard, Andy Reid, Keith Shephard 
260 |a London 
260 |b John Murray 
260 |c 1993 
520 |a The Y9 book from the best selling Schools History Project course for Key Stage 3. In a single volume it covers two core units: Britain 1750-1900 and the Twentieth Century World. 
904 |i Giang 
980 |a Trung tâm Học liệu Trường Đại học Cần Thơ